000 00265nam a22001097a 4500
082 _a534.24 TSE'T
100 _aTSEDERBERG, N. V
_975351
245 _aTHERMAL CONDUCTIVITY OF GASES AND LIQUID
260 _aMASSACHUSETTES
_bMIT
_c1965
300 _a246P
942 _cBK
999 _c580783
_d580783